Regional Economic Outlook, October 2007, Middle East and Central Asia.

The Middle East and Central Asia is undergoing a remarkable transformation driven by rapid GDP growth and high oil and non-oil commodity prices. The report presents common economic trends and reviews prospects and policies for the coming year in light of the global economic environment. This latest...

Descrición completa

Detalles Bibliográficos
Autor Corporativo: International Monetary Fund. Middle East and Central Asia Dept
Formato: Revista
Idioma:English
Publicado: Washington, D.C. : International Monetary Fund, 2007.
Series:Regional Economic Outlook
Acceso en liña:Full text available on IMF
LEADER 01683cas a2200241 a 4500
001 AALejournalIMF015654
008 230101c9999 xx r poo 0 0eng d
020 |c 20.00 USD 
020 |z 9781589066694 
022 |a 2071-4122 
040 |a BD-DhAAL  |c BD-DhAAL 
110 2 |a International Monetary Fund.  |b Middle East and Central Asia Dept. 
245 1 0 |a Regional Economic Outlook, October 2007, Middle East and Central Asia. 
264 1 |a Washington, D.C. :  |b International Monetary Fund,  |c 2007. 
300 |a 1 online resource (68 pages) 
490 1 |a Regional Economic Outlook 
500 |a <strong>Off-Campus Access:</strong> No User ID or Password Required 
500 |a <strong>On-Campus Access:</strong> No User ID or Password Required 
506 |a Electronic access restricted to authorized BRAC University faculty, staff and students 
520 3 |a The Middle East and Central Asia is undergoing a remarkable transformation driven by rapid GDP growth and high oil and non-oil commodity prices. The report presents common economic trends and reviews prospects and policies for the coming year in light of the global economic environment. This latest REO includes boxes treating both regional topics--such as growth in the Maghreb countries; developments in the oil markets; the boom in the GCC countries, and the impact of the recent global credit squeeze on the region--and country-specific reviews, of Kazakhstan, Armenia, Egypt, Pakistan, and the UAE. 
538 |a Mode of access: Internet 
830 0 |a Regional Economic Outlook 
856 4 0 |z Full text available on IMF  |u http://elibrary.imf.org/view/books/086/05625-9781589066694-en/05625-9781589066694-en-book.xml  |z IMF e-Library